| 000 -LEADER |
| fixed length control field |
00971nam a22002177a 4500 |
| 003 - CONTROL NUMBER IDENTIFIER |
| control field |
OSt |
| 005 - DATE AND TIME OF LATEST TRANSACTION |
| control field |
20180903071314.0 |
| 008 - FIXED-LENGTH DATA ELEMENTS--GENERAL INFORMATION |
| fixed length control field |
180226b xxu||||| |||| 00| 0 spa d |
| 020 ## - INTERNATIONAL STANDARD BOOK NUMBER |
| International Standard Book Number |
9505083521 |
| 040 ## - CATALOGING SOURCE |
| Transcribing agency |
PJ |
| 100 ## - ASIENTO PRINCIPAL - NOMBRE DE PERSONA |
| 9 (RLIN) |
1936 |
| Personal name |
Maurino, Alberto Luis |
| 245 10 - MENCIÓN DE TÍTULO |
| Título propiamente dicho |
Perención de la instancia en el proceso civil / |
| Mención de responsabilidad, etc |
Alberto Luis Maurino. |
| 260 ## - PUBLICATION, DISTRIBUTION, ETC. (IMPRINT) |
| Place of publication, distribution, etc |
Buenos Aires : |
| Name of publisher, distributor, etc |
Astrea, |
| Date of publication, distribution, etc |
1991. |
| 300 ## - DESCRIPCION FISICA |
| Extent |
xlviii, 385 p. |
| Dimensions |
23 cm. |
| 504 ## - NOTA DE BIBLIOGRAFÍA, ETC. |
| Bibliography, etc |
Bibliografía: p. 379-385. |
| 505 ## - FORMATTED CONTENTS NOTE |
| Formatted contents note |
Contenido:<br/>Presupuestos -- Legitimación -- Declaración de oficio -- Indivisibilidad -- Formas de producción -- Convalidación -- Plazos -- Suspensión -- Interrupción -- Aplicación segín procesos y etapas procesales -- Improcedencia -- Procedimiento -- Efectos -- La perención en segunda instancia. <br/> |
| 650 #0 - ASIENTO SECUNDARIO DE MATERIA - TERMINO TEMATICO |
| 9 (RLIN) |
1148 |
| Topical term or geographic name as entry element |
DERECHO PROCESAL CIVIL |
| 650 #0 - ASIENTO SECUNDARIO DE MATERIA - TERMINO TEMATICO |
| 9 (RLIN) |
1934 |
| Topical term or geographic name as entry element |
TERMINACION DEL PROCESO |
| 650 #0 - ASIENTO SECUNDARIO DE MATERIA - TERMINO TEMATICO |
| 9 (RLIN) |
1935 |
| Topical term or geographic name as entry element |
CADUCIDAD DE INSTANCIA |
| 942 ## - ADDED ENTRY ELEMENTS (KOHA) |
| Source of classification or shelving scheme |
|
| Koha item type |
Libros |
| Classification part |
347.933 |
| Item part |
MAU |